000 01521cam a2200373 a 4500
001 16000375
003 OSt
005 20150408114059.0
008 091130s2010 flua b 001 0 eng
010 _a 2009046412
015 _aGBA9A6618
_2bnb
016 7 _a015409063
_2Uk
020 _a9781439813713 (hardcover : alk. paper)
020 _a143981371X (hardcover : alk. paper)
035 _a(OCoLC)ocn463639414
040 _aDLC
_beng
_cDLC
_dYDX
_dBTCTA
_dUKM
_dYDXCP
_dBWX
_dCDX
_dDEBBG
_dOCL
_dDLC
050 0 0 _aTK5105.5
_b.T366 2010
082 0 0 _a004.6/52
_222
_bTSO
084 _aST 200
_2rvk
100 1 _aTarkoma, Sasu.
_917227
245 1 0 _aOverlay networks :
_btoward information networking /
_cSasu Tarkoma.
260 _aBoca Raton [Fla.] :
_bCRC Press,
_cc2010.
300 _axiii, 245 p. :
_bill. ;
_c26 cm.
500 _a"An Auerbach book."
504 _aIncludes bibliographical references and index.
650 0 _aInformation networks.
_96959
650 0 _aPeer-to-peer architecture (Computer networks)
_94916
650 0 _aElectronic data processing
_xDistributed processing.
650 0 _aMultimedia communications.
_917228
856 4 1 _3Table of contents
_uhttp://bvbr.bib-bvb.de:8991/F?func=service&doc_library=BVB01&doc_number=018931239&line_number=0001&func_code=DB_RECORDS&service_type=MEDIA
906 _a7
_bcbc
_corignew
_d1
_eecip
_f20
_gy-gencatlg
942 _2ddc
_cDVD
999 _c25953
_d260453